000 00853cam a22002777a 4500
003 CHAP
005 20220329141824.0
008 971111s1985 xx a r 10110 eng d
010 _a74384
011 _a75356
020 _a9066050721
035 _a84916
040 _cCHAP
111 0 0 _aInternational Symposium on the Use of Composts as Horticultural Substrates
_d(1984 :
_cGhent/Melle, Belgium)
_960037
245 1 0 _aProceedings
490 0 _aActa Horticulturae
_v; 172
500 _aFotocopia
590 _aBATCH-UPD
_b10
_c20130110
_lUCH01
_h0427
590 _aCONVERSION
_b10
_c20130109
_lUCH01
_h1341
700 0 _aVerdonck, O.
_eed.
_9118860
830 0 _aActa Horticulturae
_v; 172
_9739
852 2 _yISSUE
_d2012-12-17
_503
901 _aBK
942 _cISSUE
949 _bBC
_cPS
_d849161
_ePS
_i84916
_sb
999 _c74384
_d74384